[Event "Skopje op"]
[Site "Skopje"]
[Date "2023.12.08"]
[Round "4"]
[White "Kotyk, Michael"]
[Black "Oikonomopoulos, Filippos"]
[Result "1-0"]
[WhiteElo "2137"]
[BlackElo "1832"]
[PlyCount "51"]
[EventDate "2023.12.06"]
[EventType "swiss"]
[EventRounds "9"]
[EventCountry "MKD"]
[SourceTitle "CB50_2023"]
[SourceDate "2023.12.13"]
[SourceVersion "1"]
[SourceVersionDate "2023.12.13"]
[SourceQuality "1"]

1. d4 Nf6 2. c4 g6 3. Nc3 Bg7 4. e4 d6 5. h3 0-0 6. Be3 a5 7. g4 e5 8. d5 Na6 9. Nge2 h5 10. g5 Nh7 11. h4 f6 12. Qd2 f5 13. exf5 gxf5 14. f4 Qe7 15. 0-0-0 exf4 16. Nxf4 Re8 17. Bd4 Nc5 18. Nxh5 Be5 19. Rg1 Qf8 20. Nf6+ Kh8 21. Nxe8 Qxe8 22. g6 Nf6 23. Qh6+ Kg8 24. g7 Nh7 25. Bxe5 dxe5 26. Be2 1-0

[Event "Skopje op"]
[Site "Skopje"]
[Date "2023.12.08"]
[Round "3"]
[White "Oikonomopoulos, Filippos"]
[Black "Cirkovic, Vuk"]
[Result "1-0"]
[WhiteElo "1832"]
[BlackElo "1748"]
[PlyCount "57"]
[EventDate "2023.12.06"]
[EventType "swiss"]
[EventRounds "9"]
[EventCountry "MKD"]
[SourceTitle "CB50_2023"]
[SourceDate "2023.12.13"]
[SourceVersion "1"]
[SourceVersionDate "2023.12.13"]
[SourceQuality "1"]

1. e4 e5 2. Nf3 Nf6 3. d4 Nxe4 4. Bd3 d5 5. Nxe5 Nd7 6. Nc3 Nxc3 7. bxc3 Bd6 8. 0-0 0-0 9. Qf3 Bxe5 10. dxe5 Nxe5 11. Bxh7+ Kxh7 12. Qh5+ Kg8 13. Qxe5 Re8 14. Qg3 c6 15. Be3 Re6 16. Kh1 Rg6 17. Qf4 Be6 18. f3 Qd7 19. Bxa7 b5 20. Bc5 Ra4 21. Qe3 Rh4 22. Bd4 f6 23. Rae1 Kf7 24. Rf2 Rh8 25. Rfe2 f5 26. Qf4 Ra8 27. Rxe6 Qxe6 28. Qc7+ Ke8 29. Qxc6+ 1-0

[Event "GRE-chT 50th"]
[Site "Nikaia"]
[Date "2023.08.26"]
[Round "2.10"]
[White "Keramaros, Vasileios"]
[Black "Oikonomopoulos, Filippos"]
[Result "1/2-1/2"]
[WhiteElo "1308"]
[BlackElo "1756"]
[PlyCount "206"]
[EventDate "2023.08.25"]
[EventType "team"]
[EventRounds "9"]
[EventCountry "GRE"]
[SourceTitle "EXT 2024"]
[Source "ChessBase"]
[SourceDate "2023.10.10"]
[SourceVersion "1"]
[SourceVersionDate "2023.10.10"]
[SourceQuality "1"]
[WhiteTeam "Neapolis Sykeon"]
[BlackTeam "Phisiolatris"]
[WhiteTeamCountry "GRE"]
[BlackTeamCountry "GRE"]

1. d4 Nf6 2. c4 g6 3. Nc3 Bg7 4. g3 d6 5. Bg2 0-0 6. Nf3 Bf5 7. 0-0 c6 8. Re1 Ne4 9. Nxe4 Bxe4 10. Nh4 Bxg2 11. Nxg2 Qb6 12. e3 a5 13. b3 Na6 14. Bb2 Rfe8 15. Nf4 e5 16. Ne2 a4 17. Rb1 axb3 18. axb3 Nb4 19. Bc3 e4 20. Bxb4 Qxb4 21. Qc1 Ra3 22. Qc3 Qb6 23. Qc2 f5 24. Red1 Rea8 25. Nc3 Qb4 26. Na4 b6 27. Nc3 h6 28. Kg2 Kh7 29. Rb2 Qa5 30. Rd2 Bf8 31. b4 Qa6 32. b5 Qa5 33. Nb1 Ra4 34. bxc6 Rc8 35. d5 Qa6 36. Rb5 Ra5 37. Qb3 Rxb5 38. Qxb5 Qa7 39. Rb2 Rb8 40. Rb3 Bg7 41. Ra3 Qc7 42. Qa6 g5 43. Qa7 Qc8 44. Qe7 Qe8 45. Qxe8 Rxe8 46. Ra7 Kg6 47. Rb7 Be5 48. Rxb6 f4 49. gxf4 gxf4 50. c7 f3+ 51. Kf1 Rc8 52. Rc6 Kf7 53. Na3 Bc3 54. Kg1 Ke7 55. h4 Be5 56. c5 Rg8+ 57. Kf1 dxc5 58. Re6+ Kd7 59. Rxe5 Ra8 60. c8Q+ Rxc8 61. Nc4 Rb8 62. Kg1 Rg8+ 63. Kh1 Rg4 64. Kh2 Rg2+ 65. Kh3 Rxf2 66. Rxe4 Rc2 67. Ne5+ Kd6 68. Nxf3 Kxd5 69. Re5+ Kd6 70. Rh5 Rc3 71. Rxh6+ Ke7 72. Kg4 Rxe3 73. Kf4 Re2 74. Rc6 Rc2 75. Ke4 c4 76. Kd5 c3 77. Kd4 Rf2 78. Rxc3 Ra2 79. Ke3 Ra4 80. Kf2 Kf6 81. Rc5 Rg4 82. Ra5 Rb4 83. Rg5 Rxh4 84. Ra5 Rb4 85. Ke3 Ke6 86. Nd4+ Kd6 87. Kd3 Rb1 88. Ke4 Re1+ 89. Kf4 Rf1+ 90. Kg5 Rf2 91. Kg6 Rf4 92. Nf5+ Kc6 93. Re5 Rf1 94. Kf7 Rd1 95. Ke6 Rd2 96. Ne7+ Kc7 97. Nd5+ Kc6 98. Ne3 Rd6+ 99. Kf5 Rd4 100. Nc2 Rh4 101. Kg5 Rc4 102. Ne3 Rc5 103. Rxc5+ Kxc5 1/2-1/2

[Event "GRE-ch U12"]
[Site "Peristeri"]
[Date "2023.07.06"]
[Round "6"]
[White "Oikonomopoulos, Filippos"]
[Black "Skarlas, Vasileios"]
[Result "1-0"]
[WhiteElo "1830"]
[BlackElo "1263"]
[PlyCount "59"]
[EventDate "2023.07.03"]
[EventType "swiss"]
[EventRounds "9"]
[EventCountry "GRE"]
[SourceTitle "EXT 2024"]
[Source "ChessBase"]
[SourceDate "2023.10.10"]
[SourceVersion "1"]
[SourceVersionDate "2023.10.10"]
[SourceQuality "1"]

1. e4 e5 2. Nf3 Nc6 3. d4 exd4 4. Nxd4 Nf6 5. Nxc6 bxc6 6. Bd3 d6 7. Nc3 Be7 8. 0-0 0-0 9. f4 Re8 10. Qf3 Bf8 11. b3 Qe7 12. Bb2 Bb7 13. Rae1 Qd7 14. h3 Re7 15. Ne2 c5 16. Bxf6 gxf6 17. Ng3 Qe8 18. Qg4+ Kh8 19. Qh4 Bg7 20. e5 h6 21. Nf5 dxe5 22. Nxe7 Qxe7 23. fxe5 c4 24. Bxc4 Qc5+ 25. Kh2 fxe5 26. Rxf7 Bd5 27. Rxg7 Kxg7 28. Rxe5 c6 29. Re7+ Kg6 30. Bd3+ 1-0

[Event "GRE-ch U12"]
[Site "Peristeri"]
[Date "2023.07.05"]
[Round "4"]
[White "Nikolakopoulos, Leonidas Marios"]
[Black "Oikonomopoulos, Filippos"]
[Result "1/2-1/2"]
[WhiteElo "1335"]
[BlackElo "1830"]
[PlyCount "106"]
[EventDate "2023.07.03"]
[EventType "swiss"]
[EventRounds "9"]
[EventCountry "GRE"]
[SourceTitle "EXT 2024"]
[Source "ChessBase"]
[SourceDate "2023.10.10"]
[SourceVersion "1"]
[SourceVersionDate "2023.10.10"]
[SourceQuality "1"]

1. e4 c5 2. Nf3 d6 3. Bb5+ Nd7 4. Ba4 Ngf6 5. 0-0 a6 6. c4 e6 7. Nc3 Be7 8. d3 0-0 9. h3 Rb8 10. Be3 Qa5 11. Bd2 Qc7 12. a3 Ne5 13. Qe2 Bd7 14. Bxd7 Nfxd7 15. b4 b5 16. cxb5 axb5 17. Rfc1 Rfc8 18. Nxe5 Nxe5 19. bxc5 dxc5 20. Rab1 Qd7 21. Bf4 Nxd3 22. Bxb8 Nxc1 23. Qxb5 Qd2 24. Qb2 Qxb2 25. Rxb2 c4 26. a4 Nb3 27. Bf4 Bb4 28. Na2 Ba3 29. Rc2 Na1 30. Rd2 c3 31. Rd3 Nb3 32. Rxc3 Rxc3 33. Nxc3 Bb4 34. Nb5 Ba5 35. Na3 Bb6 36. Nc4 Ba7 37. a5 Kf8 38. Na3 Nxa5 39. Kf1 Ke7 40. Ke2 Nc6 41. Nb5 Bc5 42. f3 Kf6 43. Bg3 g5 44. Nc3 h5 45. Kd3 Ne5+ 46. Ke2 Ng6 47. Na4 Bd4 48. Kd3 h4 49. Bc7 e5 50. Bd8+ Ne7 51. Nc3 Ke6 52. Bxe7 Kxe7 53. Nd5+ Ke6 1/2-1/2

[Event "Veliko Gradiste Silver Lake op-A"]
[Site "Veliko Gradiste"]
[Date "2023.06.25"]
[Round "9"]
[White "Djokic, Mihailo"]
[Black "Oikonomopoulos, Filippos"]
[Result "1-0"]
[WhiteElo "2192"]
[BlackElo "1733"]
[PlyCount "35"]
[EventDate "2023.06.18"]
[EventType "swiss"]
[EventRounds "9"]
[EventCountry "SRB"]
[SourceTitle "CBM 215 Extra"]
[Source "ChessBase"]
[SourceDate "2023.09.30"]
[SourceVersion "1"]
[SourceVersionDate "2023.09.30"]
[SourceQuality "1"]

1. e4 e5 2. Nf3 Nc6 3. Nc3 Nf6 4. Bb5 Bd6 5. d3 a6 6. Bc4 0-0 7. g4 Bc5 8. Rg1 d5 9. Nxd5 Nxg4 10. Rg2 Kh8 11. c3 f5 12. Bg5 Qd6 13. Bh4 b5 14. Bb3 Qh6 15. h3 g5 16. hxg4 fxg4 17. Bxg5 gxf3 18. Qxf3 1-0

[Event "Veliko Gradiste Silver Lake op-A"]
[Site "Veliko Gradiste"]
[Date "2023.06.21"]
[Round "5"]
[White "Tadic, Ana"]
[Black "Oikonomopoulos, Filippos"]
[Result "1-0"]
[WhiteElo "1853"]
[BlackElo "1733"]
[PlyCount "69"]
[EventDate "2023.06.18"]
[EventType "swiss"]
[EventRounds "9"]
[EventCountry "SRB"]
[SourceTitle "CBM 215 Extra"]
[Source "ChessBase"]
[SourceDate "2023.09.30"]
[SourceVersion "1"]
[SourceVersionDate "2023.09.30"]
[SourceQuality "1"]

1. e4 e5 2. Nf3 Nc6 3. Bb5 a6 4. Ba4 Nf6 5. 0-0 Nxe4 6. Re1 Nc5 7. Bxc6 dxc6 8. Rxe5+ Ne6 9. d4 Bd6 10. Re1 0-0 11. c4 c5 12. d5 Nf4 13. Nc3 Qd7 14. Ne4 Qg4 15. Bxf4 Qxf4 16. Nxd6 cxd6 17. Qb3 Rb8 18. a4 Bg4 19. Re3 b5 20. axb5 axb5 21. cxb5 Bxf3 22. Rxf3 Qg4 23. b6 Qb4 24. Qxb4 cxb4 25. Ra6 Rfc8 26. h3 Rc5 27. Ra7 f6 28. Re3 Rxd5 29. Ree7 Kf8 30. Rf7+ Ke8 31. Rxg7 Kf8 32. Rxh7 Kg8 33. Rag7+ Kf8 34. b7 Rc5 35. Rc7 1-0

[Event "World School-ch U11"]
[Site "Rhodes"]
[Date "2023.04.16"]
[Round "3"]
[White "Sarthak, Deshpande"]
[Black "Oikonomopoulos, Filippos"]
[Result "0-1"]
[WhiteElo "1434"]
[BlackElo "1732"]
[PlyCount "60"]
[EventDate "2023.04.14"]
[EventType "swiss"]
[EventRounds "9"]
[EventCountry "GRE"]
[SourceTitle "EXT 2024"]
[Source "ChessBase"]
[SourceDate "2023.10.10"]
[SourceVersion "1"]
[SourceVersionDate "2023.10.10"]
[SourceQuality "1"]

1. d4 Nf6 2. c4 g6 3. Nc3 Bg7 4. e4 d6 5. Be2 0-0 6. Be3 e5 7. d5 a5 8. g4 Na6 9. h4 Nc5 10. f3 c6 11. h5 cxd5 12. cxd5 Bd7 13. Qd2 Rb8 14. Bh6 b5 15. Bxg7 Kxg7 16. hxg6 fxg6 17. Qh6+ Kg8 18. Nh3 b4 19. Ng5 Qe7 20. Nd1 Bb5 21. Bxb5 Rxb5 22. 0-0 Qa7 23. Kg2 Nd3 24. Ne6 Rf7 25. Nf2 Nxf2 26. g5 N6xe4 27. fxe4 Qe3 28. Rae1 Qf3+ 29. Kh2 Ng4+ 30. Kg1 Qg3+ 0-1

[Event "GRE-chT U16 14th"]
[Site "Rio Achaia"]
[Date "2022.12.16"]
[Round "2"]
[White "Skodras, Marios Konstantinos"]
[Black "Oikonomopoulos, Filippos"]
[Result "1/2-1/2"]
[WhiteElo "1571"]
[BlackElo "1741"]
[PlyCount "95"]
[EventDate "2022.12.15"]
[EventType "team-swiss"]
[EventRounds "6"]
[EventCountry "GRE"]
[SourceTitle "EXT 2024"]
[Source "ChessBase"]
[SourceDate "2023.10.10"]
[SourceVersion "1"]
[SourceVersionDate "2023.10.10"]
[SourceQuality "1"]

1. d4 Nf6 2. c4 g6 3. Nc3 Bg7 4. e4 d6 5. g3 0-0 6. Bg2 Nbd7 7. Nge2 c5 8. d5 Ne5 9. b3 Bg4 10. Rb1 Qd7 11. h3 Bf3 12. 0-0 e6 13. Bf4 exd5 14. Bxe5 Bxg2 15. Kxg2 dxe5 16. cxd5 Ne8 17. g4 Nd6 18. Ng3 f5 19. exf5 gxf5 20. gxf5 Nxf5 21. Qg4 Rf6 22. Kh2 Raf8 23. Nce4 Rg6 24. Nxc5 Qxd5 25. Qc4 Qxc4 26. bxc4 Nd6 27. Nce4 b6 28. Rbc1 Bh6 29. Rc3 Rf4 30. c5 Nxe4 31. Nxe4 bxc5 32. Nxc5 Rc6 33. Rg3+ Kf7 34. Nd3 Rf5 35. Re1 Kf6 36. Kg2 Rc2 37. a4 Rc4 38. Rg4 Bf4 39. Nxf4 exf4 40. Re8 Rxa4 41. Rf8+ Ke6 42. Re8+ Kd5 43. Rgg8 h5 44. h4 f3+ 45. Kg3 Kc6 46. Rb8 Rff4 47. Rbc8+ Kd7 48. Rcd8+ 1/2-1/2

[Event "Nikaia op 29th"]
[Site "Nikaia"]
[Date "2022.09.04"]
[Round "4"]
[White "Oikonomopoulos, Filippos"]
[Black "Mylonakis, Ioannis Georg"]
[Result "1/2-1/2"]
[WhiteElo "1899"]
[BlackElo "1738"]
[PlyCount "106"]
[EventDate "2022.09.01"]
[EventType "swiss"]
[EventRounds "9"]
[EventCountry "GRE"]
[SourceTitle "CBM 210 Extra"]
[Source "ChessBase"]
[SourceDate "2022.11.30"]
[SourceVersion "1"]
[SourceVersionDate "2022.11.30"]
[SourceQuality "1"]

1. d4 d5 2. Bf4 Nf6 3. e3 e6 4. Nd2 c5 5. c3 Nc6 6. Ngf3 Bd6 7. Bg3 0-0 8. Bd3 b6 9. e4 dxe4 10. Nxe4 Nxe4 11. Bxe4 Bb7 12. dxc5 Bxc5 13. Qc2 f5 14. Rd1 Qe8 15. Bd3 e5 16. Bc4+ Kh8 17. 0-0 f4 18. Bh4 Qh5 19. Rd7 Bc8 20. Rc7 Na5 21. Bd5 Bf5 22. Be4 Bd6 23. Bxf5 Bxc7 24. Be4 Rae8 25. Qe2 h6 26. Qd3 Qg4 27. b4 g5 28. h3 Qe6 29. bxa5 Rd8 30. Qa6 gxh4 31. Nxh4 Rf6 32. Qxa7 Rd7 33. axb6 Bxb6 34. Qa4 Ra7 35. Qb5 Rxa2 36. Bd5 Ra5 37. Qxa5 Bxa5 38. Bxe6 Rxe6 39. Rc1 e4 40. Kf1 Kg7 41. Nf5+ Kg6 42. Nd4 Rd6 43. Nb3 Bb6 44. Ke2 Rd3 45. Nd2 Bxf2 46. Nc4 Be3 47. Ne5+ Kf5 48. Nxd3 exd3+ 49. Kd1 Bxc1 50. Kxc1 Ke5 51. Kd1 Kd5 52. Ke1 Kc5 53. Kd1 Kd5 1/2-1/2

[Event "GRE-ch U10"]
[Site "Thessaloniki"]
[Date "2022.08.24"]
[Round "9"]
[White "Kountrias, Kosmas Ioannis"]
[Black "Oikonomopoulos, Filippos"]
[Result "1/2-1/2"]
[WhiteElo "1297"]
[BlackElo "1899"]
[PlyCount "67"]
[EventDate "2022.08.18"]
[EventType "swiss"]
[EventRounds "9"]
[EventCountry "GRE"]
[SourceTitle "EXT 2023"]
[Source "ChessBase"]
[SourceDate "2022.10.05"]
[SourceVersion "1"]
[SourceVersionDate "2022.10.05"]
[SourceQuality "1"]

1. e4 c5 2. Nc3 Nc6 3. g3 g6 4. Bg2 Bg7 5. d3 d6 6. Be3 Nf6 7. h3 0-0 8. Qd2 Rb8 9. Bh6 Bxh6 10. Qxh6 Nd4 11. Qd2 b5 12. Nd1 b4 13. Ne3 Be6 14. f4 d5 15. e5 Nh5 16. Qf2 f6 17. g4 Ng7 18. Nf3 Nxf3+ 19. Bxf3 fxe5 20. fxe5 d4 21. Ng2 Bd5 22. Bxd5+ Qxd5 23. Qe2 Rb6 24. Kd2 Re6 25. Rae1 Qxa2 26. Rhf1 Rb6 27. Rxf8+ Kxf8 28. b3 Ne6 29. Qf3+ Ke8 30. Qa8+ Nd8 31. Qd5 e6 32. Qf3 Qb2 33. Rf1 Qc3+ 34. Kd1 1/2-1/2

[Event "GRE-ch U10"]
[Site "Thessaloniki"]
[Date "2022.08.22"]
[Round "7"]
[White "Tzimas, Konstantinos"]
[Black "Oikonomopoulos, Filippos"]
[Result "0-1"]
[WhiteElo "1176"]
[BlackElo "1899"]
[PlyCount "116"]
[EventDate "2022.08.18"]
[EventType "swiss"]
[EventRounds "9"]
[EventCountry "GRE"]
[SourceTitle "EXT 2023"]
[Source "ChessBase"]
[SourceDate "2022.10.05"]
[SourceVersion "1"]
[SourceVersionDate "2022.10.05"]
[SourceQuality "1"]

1. e4 c5 2. Nf3 e6 3. d4 cxd4 4. Nxd4 Nc6 5. Nc3 Qc7 6. Be3 a6 7. Qd2 Nf6 8. 0-0-0 Bb4 9. f3 Ne5 10. Nb3 b5 11. Qe1 Nc4 12. Bxc4 bxc4 13. Nd4 Qa5 14. a3 Bxc3 15. Qxc3 Qxc3 16. bxc3 d6 17. Nc6 d5 18. Bd4 Bd7 19. Ne5 dxe4 20. fxe4 Rc8 21. g3 Rg8 22. Nxf7 Kxf7 23. Bxf6 Bc6 24. Be5 Bxe4 25. Rhf1+ Kg6 26. Rd6 Bf5 27. Rxa6 Rc5 28. Bd4 Rb5 29. a4 Rb7 30. Rc6 Rgb8 31. Kd2 Rb2 32. Rc1 Ra2 33. Rxc4 Rbb2 34. Rc7 Bxc2 35. Rxg7+ Kh6 36. c4 Bxa4+ 37. Bxb2 Rxb2+ 38. Kc3 Rb3+ 39. Kd4 Kxg7 40. Ke5 Re3+ 41. Kd6 Kf6 42. c5 Rd3+ 43. Kc7 e5 44. c6 Ke7 45. Rc4 Rd4 46. Rc5 Ke6 47. Kb7 Rb4+ 48. Ka7 e4 49. c7 Bd7 50. Rc6+ Ke5 51. c8Q Bxc8 52. Rxc8 e3 53. Re8+ Kd4 54. Rd8+ Kc3 55. Re8 Kd3 56. h4 Re4 57. Rd8+ Rd4 58. Re8 e2 0-1

[Event "GRE CupT 40th f/16"]
[Site "Greece"]
[Date "2022.06.19"]
[Round "1.8"]
[White "Tzagarakis, Panagiotis"]
[Black "Oikonomopoulos, Filippos"]
[Result "1-0"]
[WhiteElo "2057"]
[BlackElo "1842"]
[PlyCount "63"]
[EventDate "2022.06.19"]
[EventType "team-k.o."]
[EventRounds "1"]
[EventCountry "GRE"]
[SourceTitle "EXT 2024"]
[Source "ChessBase"]
[SourceDate "2023.10.10"]
[SourceVersion "1"]
[SourceVersionDate "2023.10.10"]
[SourceQuality "1"]

1. e4 c5 2. Nf3 e6 3. d4 cxd4 4. Nxd4 Nc6 5. Nc3 Qc7 6. Be3 a6 7. Nxc6 dxc6 8. f4 b5 9. Bd3 c5 10. e5 Bb7 11. Be4 b4 12. Qf3 Bxe4 13. Nxe4 Rd8 14. 0-0 Nh6 15. Rad1 Nf5 16. Rxd8+ Qxd8 17. Rd1 Qc7 18. g4 Nxe3 19. Qxe3 Be7 20. Nd6+ Bxd6 21. exd6 Qc6 22. d7+ Ke7 23. f5 f6 24. Qxe6+ Qxe6 25. fxe6 Rd8 26. Re1 Rf8 27. Kg2 h6 28. Kf3 f5 29. gxf5 Rxf5+ 30. Ke4 g6 31. Rd1 Rf8 32. Kd5 1-0

[Event "GRE-chT U16"]
[Site "Thessaloniki"]
[Date "2021.12.18"]
[Round "4.4"]
[White "Oikonomopoulos, Filippos"]
[Black "Bougas, Georgios"]
[Result "1-0"]
[WhiteElo "1775"]
[BlackElo "1538"]
[PlyCount "87"]
[EventDate "2021.12.16"]
[EventType "team-swiss"]
[EventRounds "6"]
[EventCountry "GRE"]
[SourceTitle "CBM 205 Extra"]
[Source "ChessBase"]
[SourceDate "2022.01.31"]
[SourceVersion "1"]
[SourceVersionDate "2022.01.31"]
[SourceQuality "1"]
[WhiteTeam "Nikaia Fysiolatris"]
[BlackTeam "Galaxias"]
[WhiteTeamCountry "GRE"]
[BlackTeamCountry "GRE"]

1. d4 d5 2. Bf4 Nf6 3. e3 e6 4. Nd2 Bd6 5. Bg3 0-0 6. Ngf3 c5 7. c3 Qc7 8. Bd3 Nbd7 9. 0-0 Bxg3 10. hxg3 e5 11. e4 dxe4 12. Nxe4 Nxe4 13. Bxe4 exd4 14. cxd4 Nf6 15. Qd3 cxd4 16. Qxd4 Rd8 17. Qa4 Bd7 18. Qc2 Qb6 19. Bd3 Rac8 20. Qb3 Qxb3 21. axb3 a6 22. Bc4 g6 23. Rfe1 Bb5 24. Bxb5 axb5 25. Re7 Rd7 26. Rxd7 Nxd7 27. Nd4 Ne5 28. Nxb5 Rc2 29. Rb1 Ng4 30. f3 Nf6 31. Nd6 b6 32. Nc4 b5 33. Na3 Rc5 34. b4 Rd5 35. Rc1 Rd4 36. Rc5 Rxb4 37. Rxb5 Ra4 38. Kf2 Kf8 39. Ke3 Ke7 40. Rb7+ Ke6 41. Nb5 Nd5+ 42. Kd3 Kf6 43. Nd6 Ne7 44. Ne4+ 1-0

[Event "EU-ch Amateur Online 1700/2000"]
[Site "Tornelo INT"]
[Date "2021.04.24"]
[Round "3"]
[White "Briem, Benedikt"]
[Black "Oikonomopoulos, Filippos"]
[Result "1-0"]
[WhiteElo "1903"]
[BlackElo "1574"]
[PlyCount "53"]
[EventDate "2021.04.24"]
[EventType "swiss (rapid)"]
[EventRounds "8"]
[EventCountry "NET"]
[SourceTitle "EXT 2023"]
[Source "ChessBase"]
[SourceDate "2022.10.05"]
[SourceVersion "1"]
[SourceVersionDate "2022.10.05"]
[SourceQuality "1"]

1. d4 d5 2. c4 e6 3. Nf3 c5 4. cxd5 exd5 5. g3 Nc6 6. Bg2 Nf6 7. 0-0 cxd4 8. Nxd4 Be7 9. Nc3 0-0 10. a3 Bg4 11. h3 Be6 12. b4 Qd7 13. g4 Rac8 14. Bb2 Bd6 15. b5 Ne5 16. Ra2 Nc4 17. Ba1 Bb8 18. Qd3 Qd6 19. f4 Rfe8 20. Rf3 Bd7 21. Nd1 Ne4 22. a4 a6 23. Kf1 Qb4 24. Nc3 axb5 25. axb5 Nxc3 26. Bxc3 Qb3 27. Nxb3 1-0